|
|
|
|
| LEADER |
02264nam a22003257a 4500 |
| 001 |
37542 |
| 003 |
BD-DhAAL |
| 005 |
20211111151407.0 |
| 008 |
211004t2014 enka b 001 0 eng d |
| 999 |
|
|
|c 42005
|d 42005
|
| 020 |
|
|
|a 9780198705747 (pbk)
|
| 020 |
|
|
|a 9780199546961 (hbk)
|
| 035 |
|
|
|a (OCoLC)ocn769989468
|
| 040 |
|
|
|a BTCTA
|b eng
|c BTCTA
|d YDXCP
|d YNK
|d CDX
|d OCLCO
|d OUP
|d BWX
|d DLC
|d BD-DhAAL
|
| 042 |
|
|
|a lccopycat
|
| 050 |
0 |
0 |
|a QC174.12
|b .W348 2012
|
| 082 |
0 |
4 |
|a 530.12
|
| 100 |
1 |
|
|a Wallace, David
|9 42130
|
| 245 |
1 |
4 |
|a The emergent multiverse :
|b quantum theory according to the Everett Interpretation /
|c David Wallace.
|
| 260 |
|
|
|a Oxford, U.K. :
|b Oxford University Press ;
|c 2014.
|
| 300 |
|
|
|a xv, 530 pages :
|b illustrations ;
|c 23 cm.
|
| 505 |
0 |
|
|a Introduction -- Part I. The Plurality of Worlds -- The paradox of measurement -- The emergence of multiplicity -- Chaos, decoherence, and branching -- First interlude -- Part II. Probability in a Branching Universe -- The probability puzzle -- Symmetry, rationality, and the born rule -- Everettian statistical inference -- Second interlude -- Part III. Quantum Mechanics, Everett Style -- Uncertainty, possibility, and identity -- Spacetime and the quantum state -- The directuibs of branching and the direction of time -- A cornucopia of Everttian consequences -- Conclusion -- Epilogue -- Appendices -- A. Proof of the branching-decoherence theorem -- B. Classical decision theory -- C. Formal proofs of decision-theoretic results -- D. Proof of the utility equivalence lemma.
|
| 526 |
|
|
|a CSE
|
| 541 |
|
|
|a Trim Education
|e 37542, 37543
|
| 650 |
|
0 |
|a Quantum theory
|9 42131
|
| 650 |
|
0 |
|a Computer science.
|9 42132
|
| 852 |
|
|
|a Ayesha Abed Library
|c General Stacks
|
| 942 |
|
|
|2 ddc
|c BK
|
| 952 |
|
|
|0 0
|1 0
|2 ddc
|4 0
|6 530_120000000000000_WAL
|7 0
|9 69394
|a BRACUL
|b BRACUL
|c GEN
|d 2021-09-13
|e Trim Education
|g 4050.00
|l 2
|m 9
|o 530.12 WAL
|p 3010037542
|q 2026-06-02
|r 2026-05-18
|s 2026-05-18
|t 1
|v 4050.00
|w 2021-09-13
|y BK
|x Received during the COVID -19 outbreak vacation
|
| 952 |
|
|
|0 0
|1 0
|2 ddc
|4 0
|6 530_120000000000000_WAL
|7 0
|9 69395
|a BRACUL
|b BRACUL
|c GEN
|d 2021-09-13
|e Trim Education
|g 4050.00
|l 3
|m 12
|o 530.12 WAL
|p 3010037543
|r 2025-04-28
|s 2025-01-04
|t 2
|v 4050.00
|w 2021-09-13
|y BK
|x Received during the COVID -19 outbreak vacation
|